Pre-test Pharmacology/ (Record no. 36761)

MARC details
000 -LEADER
fixed length control field 00497nam a22001817a 4500
005 - DATE AND TIME OF LATEST TRANSACTION
control field 20241106113926.0
008 - FIXED-LENGTH DATA ELEMENTS--GENERAL INFORMATION
fixed length control field 241106b |||||||| |||| 00| 0 eng d
020 ## - INTERNATIONAL STANDARD BOOK NUMBER
ISBN 0-07136704-7
082 ## - DEWEY DECIMAL CLASSIFICATION NUMBER
Classification number 615.1076
Item number STE-P
100 ## - MAIN ENTRY--AUTHOR
Author Name Stern, Arnold
245 ## - TITLE STATEMENT
Title Pre-test Pharmacology/
Statement of responsibility, etc. by Arnold Stern
250 ## - EDITION STATEMENT
Edition statement 10th ed.
260 ## - PUBLICATION, DISTRIBUTION, ETC.
Place of Publication New York :
Name of publisher, distributor, etc. McGraw Hill ;
Date of publication, distribution, etc. 2002 .
300 ## - PHYSICAL DESCRIPTION
Pages ix, 294 p. :
500 ## - GENERAL NOTE
General note Include index.
650 ## - SUBJECT ADDED ENTRY--TOPICAL TERM
Subject / Department Medical / Pharmacology
300 ## - PHYSICAL DESCRIPTION
-- ill. ;
-- 26 cm .
952 ## - LOCATION AND ITEM INFORMATION (KOHA)
-- 0
-- 0
952 ## - LOCATION AND ITEM INFORMATION (KOHA)
-- 0
-- 0
Holdings
Lost status Damaged status Collection code Permanent Location Current Location Shelving Location Date acquired Full Call Number Accession No./Barcode Date last seen Copy number item type Koha item type
    Medical Superior Information Resource Center (SIRC) Superior University- Main Campus Superior Information Resource Center (SIRC) Superior University- Main Campus Pharmacology 11/06/2024 615.1076 STE-P 2002 29742 11/06/2024 1 BOOK BOOK
    Medical Superior Information Resource Center (SIRC) Superior University- Main Campus Superior Information Resource Center (SIRC) Superior University- Main Campus Pharmacology 11/06/2024 615.1076 STE-P 2002 29743 11/06/2024 2 BOOK BOOK

Powered by Koha